000 00730nam a22002177a 4500
003 OSt
005 20221012160455.0
008 221012b |||||||| |||| 00| 0 eng d
020 _a84-453-2431-4
040 _cBiblioteca Lado V
082 _a750
_bF114m
100 _9146
_aFabeiro, Elena
_ecoordinador
245 _aMinimal-Maximal/
260 _aGalicia
_bCentro Galego de Arte Contemporanea
_c1999
300 _a371p.
_c21x30cm
650 _2Tesauro de Arte & Arquitectura
_aARTE MINIMALISTA
650 _2Tesauro de Arte & Arquitectura
_aARTE MAXIMILISTA
650 _2Tesauro de Arte & Arquitectura
_aCATALOGO
650 _2Tesauro de Arte & Arquitectura
_aMUESTRA
942 _2ddc
_c1
_h750
_iF114m
_n0
999 _c2265
_d2265